01044 2200325 4500001002100000005001500021035002000036007000300056008004100059020002200100082001500122084001700137100003200154245010600186250003600292300004700328650004100375504003200416264003200448336002100480337003000501338002300531040002200554090002200576700003500598700002900633850001200662999002200674990002200696INLIS00000000088678520240522014118 a0010-0524000616ta240522s2023 yoia g ind d a978-623-02-6001-804223a720.28 a720.28 MAN a3 aMangundap, PoppyePengarang10aArsitektur rumah tradisional Banggai /cPoppy Mangundap; penyunting, I Putu Jati Arsana, Tiara Azhari aCetakan Pertama : Februari 2023 axii, 102 halaman :btabel, gambar ;c23 cm 4aArsitektur--xDesain dan perencanaan aBibliografi : halaman 97-9931aSleman :bDeepublish,c2023 2rdacontentateks 2rdamediaatanpa perantara 2rdacarrieravolume aYOPDYOGcinderda aCB-D.11 2023-50750 aI Putu Jati ArsanaePenyunting0 aTiara AzhariePenyunting aYOPDYOG aCB-D.11/2023-5075 aCB-D.11/2023-5075